The place of anaesthetics as a discipline in contemporary medical practice : (Record no. 55610)
[ view plain ]
| 000 -LEADER | |
|---|---|
| fixed length control field | 00801cam4a220022900 4500 |
| 001 - CONTROL NUMBER | |
| control field | tmp15726226 |
| 003 - CONTROL NUMBER IDENTIFIER | |
| control field | UPRA |
| 005 - DATE AND TIME OF LATEST TRANSACTION | |
| control field | 20190814132042.0 |
| 008 - FIXED-LENGTH DATA ELEMENTS--GENERAL INFORMATION | |
| fixed length control field | 951012s1981 sa eng u |
| 035 ## - SYSTEM CONTROL NUMBER | |
| System control number | (Sirsi) r24615 |
| 035 ## - SYSTEM CONTROL NUMBER | |
| System control number | (UPRA)tmp15726226 |
| 040 ## - CATALOGING SOURCE | |
| Transcribing agency | UPRA |
| 100 1# - MAIN ENTRY--PERSONAL NAME | |
| Personal name | Harrison, Gaisford G. |
| Linkage | A87312.1 |
| 245 14 - TITLE STATEMENT | |
| Title | The place of anaesthetics as a discipline in contemporary medical practice : |
| Remainder of title | some difficulties, dilemmas and directions. |
| 260 ## - PUBLICATION, DISTRIBUTION, ETC. | |
| Place of publication, distribution, etc. | Capetown : |
| Name of publisher, distributor, etc. | University, |
| Date of publication, distribution, etc. | 1981. |
| 440 #0 - SERIES STATEMENT/ADDED ENTRY--TITLE | |
| Title | Inaugural lecture. New series ; |
| Number of part/section of a work | Inaugural lecture. New series ; |
| Volume/sequential designation | no. 74 |
| Linkage | S4890.3 |
| 504 ## - BIBLIOGRAPHY, ETC. NOTE | |
| Bibliography, etc. note | Includes bibliographical references. |
| 650 #0 - SUBJECT ADDED ENTRY--TOPICAL TERM | |
| Topical term or geographic name entry element | Anesthesia. |
| Linkage | S132.2 |
| 650 #0 - SUBJECT ADDED ENTRY--TOPICAL TERM | |
| Topical term or geographic name entry element | Anesthesiology. |
| Linkage | S4998.1 |
| 949 ## - LOCAL PROCESSING INFORMATION (OCLC) | |
| a | RD87 |
| w | LC |
| i | -24387 |
| m | MEDICAL |
| t | BOOK |
| l | ON-SHELF |
No items available.